000
00278nam a2200097Ia 4500
008
240331s9999 xx 000 0 und d
082
_b
HAR
100
_a
Harriss, J
245
0
_a
Capitalism and peasant structure :
_b
agrarian structure and ideology in Northern Tamil Nadu
942
_c
L
999
_c
2242
_d
2242